Top 15 Busiest Airports in the UK - Statistics

General Stats
  • This quiz has been taken 52 times
  • The average score is 13 of 15
Answer Stats
Rank Answer % Correct
1 Heathrow Airport
100%
5 Manchester Airport
100%
7 Birmingham Airport
98%
2 Gatwick Airport
98%
6 Edinburgh Airport
96%
8 Glasgow Airport
96%
12 Liverpool John Lennon Airport
94%
4 Luton Airport
92%
9 Belfast International Airport
85%
11 Newcastle International Airport
85%
14 Leeds Bradford Airport
81%
15 London City Airport
81%
10 Bristol Airport
79%
3 Stansted Airport
75%
13 East Midlands Airport
50%
No matching quizzes found
Score Distribution
Percent of People with Each Score
Percentile by Number Answered
Your Score History
You have not taken this quiz